000 01175nam a2200325 a 4500
001 67129
003 BD-RjUL
005 20211209081622.0
008 170322s1992 nyua b 001 0 eng
020 _a0387976582 (alk. paper)
020 _a3540976582 (SpringerVerlag Berlin Heidelberg New York)
035 _a(BD-RjUL)67260
040 _aDLC
_cDLC
_dFPU
_dMYG
_dBD-RjUL
_beng
041 _aeng
082 _223
_a621
_bSTE 1992
090 _aQA911
_b.S77 1992
099 _aQA911.S77 1992
100 1 _aStraughan, B.
_q(Brian)
_9198867
245 1 4 _aThe energy method, stability, and nonlinear convection /
_cBrian Straughan.
260 _aNew York :
_bSpringer-Verlag,
_cc1992.
300 _axii, 242 p. :
_bill. ;
_c24 cm.
490 1 _aApplied mathematical sciences ;
_v91
504 _aIncludes bibliographical references and index.
650 0 _aFluid dynamics.
_9198868
650 0 _aDifferential equations, Nonlinear
_xNumerical solutions.
_9198869
650 0 _aHeat
_xConvection
_xMathematical models.
_9198870
830 0 _aApplied mathematical sciences (Springer-Verlag New York Inc.) ;
_vv. 91.
_922191
942 _2ddc
_cBK
949 _aMYGS
_b39080009128817
999 _c67129
_d67129